000 00228nam a22000977a 4500
999 _c16227
_d16227
003 OSt
008 200624b ||||| |||| 00| 0 eng d
100 _aK A Nilakanth Sastri
_94631
245 _a History of India: Part 2
942 _cBK